Pays organisateurs de la Coupe du Monde de Football - Statistiques

Statistiques générales
  • Ce quiz a été pris 152 186 fois
    105 849 depuis la dernière actualisation
  • Le résultat moyen est 19 sur 23
Statistiques - réponses
Années Organisateur % Correct
1938, 1998 France
99%
1950, 2014 Brésil
97%
2018 Russie
96%
2006 Allemagne
95%
1976 Allemagne de l'Ouest
95%
1982, 2030 Espagne
95%
1994, 2026 États-Unis
95%
2022 Qatar
94%
1970, 1986, 2026 Mexique
92%
2026 Canada
90%
1934, 1990 Italie
90%
2030 Portugal
90%
1978 Argentine
87%
2030 Maroc
84%
2010 Afrique du Sud
82%
1966 Angleterre
82%
2002 Japon
82%
1930 Uruguay
80%
2002 Corée du Sud
73%
2034 Arabie Saoudite
64%
1958 Suède
51%
1954 Suisse
48%
1962 Chili
47%
Aucun quiz correspondant
Distribution des résultats
% des personnes avec chaque résultat
Percentile par nombre de réponses
Votre historique - résultats
Vous n’avez pas pris ce quiz depuis la dernière actualisation